Normal view MARC view
  • Supervised by Dr. Muhammad Tayyab Ali

Entry Personal Name

Number of records used in: 4

001 - CONTROL NUMBER

  • control field: 132486

003 - CONTROL NUMBER IDENTIFIER

  • control field: NUST

005 - DATE AND TIME OF LATEST TRANSACTION

  • control field: 20251218170153.0

008 - FIXED-LENGTH DATA ELEMENTS

  • fixed length control field: 251218|| aca||aabn | a|a d

040 ## - CATALOGING SOURCE

  • Original cataloging agency: NUST
  • Transcribing agency: NUST

100 ## - HEADING--PERSONAL NAME

  • Personal name: Supervised by Dr. Muhammad Tayyab Ali

670 ## - SOURCE DATA FOUND

  • Source citation: Work cat.: (NUST)217236: Umer, NC Anum (TE-48) 132485, XBEE modules based security system for high level security /, June-2015
© 2023 Central Library, National University of Sciences and Technology. All Rights Reserved.